|
|
|
|
| LEADER |
01010naa a2200229 i 4500 |
| 001 |
acta76876 |
| 005 |
20221108093551.0 |
| 008 |
221107s2022 hu o 1|| hun d |
| 020 |
|
|
|a 978-963-306-857-1
|
| 022 |
|
|
|a 2062-8439
|
| 040 |
|
|
|a SZTE Egyetemi Kiadványok Repozitórium
|b hun
|
| 041 |
|
|
|a hun
|
| 100 |
2 |
|
|a El-Meouch Nedim Márton
|
| 245 |
1 |
2 |
|a A magyar lakosság bankfiókba járási és online bankolási szokásainak kérdőíves elemzése
|h [elektronikus dokumentum] /
|c El-Meouch Nedim Márton
|
| 260 |
|
|
|a Szegedi Tudományegyetem Eötvös Loránd Kollégium
|b Szeged
|c 2022
|
| 300 |
|
|
|a 16
|
| 490 |
0 |
|
|a Acta Szegediensia Collegii de Rolando Eötvös Nominati : Eötvözet
|v 10
|
| 650 |
|
4 |
|a Társadalomtudományok
|
| 650 |
|
4 |
|a Szociológia
|
| 695 |
|
|
|a Ügyintézés - banki - előadáskivonat, Szociológiai vizsgálat - kérdőíves módszer - előadáskivonat
|
| 710 |
|
|
|a Eötvözet (10.) (2022) (Szeged)
|
| 856 |
4 |
0 |
|u http://acta.bibl.u-szeged.hu/76876/1/eotvozet_010_016.pdf
|z Dokumentum-elérés
|